000 00508cam a2200145 4500500
005 20251228083008.0
041 _afre
042 _adc
100 1 0 _aBlanc, André
_eauthor
245 0 0 _aLes Chœurs dans la tragédie religieuse de la première moitié du xviie siècle
260 _c2010.
500 _a35
786 0 _nDix-septième siècle | 248 | 3 | 2010-09-15 | p. 515-530 | 0012-4273
856 4 1 _uhttps://shs.cairn.info/revue-dix-septieme-siecle-2010-3-page-515?lang=fr&redirect-ssocas=7080
999 _c1600297
_d1600297